000 00473nam a2200181Ia 4500
001 18533
005 20260306171637.0
008 260306s9999||||xx |||||||||||||| ||und||
041 _aESP
082 _a658.407
_bG77
100 _aGraig-Cooper, Michael
_eAUT
245 0 _aAuditoría de gestión:
_bcómo conseguir una estructura directiva eficaz
260 _c1994
300 _a228 páginas :
_c24 cm.
650 _aGEN
654 _aCAN
942 _cLIB
_dJUS
_fJUS
_2ddc
_n
999 _c18533
_d18533